| 000 | 00000nam##2200000za#4500 |
| 001 | 9.602579 |
| 003 | CaOODSP |
| 005 | 20210624210637 |
| 007 | cr ||||||||||| |
| 008 | 150406|1995||||xxc|||||o f|0| 0 fre|d |
| 040 | |aCaOODSP|bfre |
| 043 | |an-cn--- |
| 086 | 1 |aJS5-1/13-1995F-PDF |
| 110 | 1 |aCanada. |bSolliciteur général Canada. |
| 245 | 10|aDéveloppement communautaire et recherches |h[ressource électronique] |
| 260 | |bSolliciteur général Canada |c[1995]. |
| 300 | |a62p. |
| 490 | 1 |aCollection sur les Autochtones |v[CA 13 APC] |
| 590 | |a11-26-Supp|b2011-11-03 |
| 775 | 08|tCommunity development & research |w(CaOODSP)9.572168 |
| 830 | #0|aCollection sur les autochtones ;|v[CA 13 APC]|w(CaOODSP)9.501991 |
| 856 | 40|ahttp://publications.gc.ca|qPDF|s209 Ko|uhttps://publications.gc.ca/collections/collection_2011/sp-ps/JS5-1-13-1995-fra.pdf|y[CA 13 APC] |